| 000 | 00685nam a2200253Ia 4500 | ||
|---|---|---|---|
| 008 | 160803s9999 xx 000 0 und d | ||
| 020 | _a9780590265843 | ||
| 100 | _aKim, Grace | ||
| 245 | _aShe sells seashells : a tongue twister story / | ||
| 245 | _cby Grace Kim ; illustrated by Patti Hammel. | ||
| 260 | _aNew York : | ||
| 260 | _bScholastic Inc. | ||
| 260 | _c1995 | ||
| 300 | _a1 volume (unpaged) : | ||
| 300 | _bcolor illustrations ; | ||
| 300 | _c23 cm. | ||
| 440 | _aHello reader!, | ||
| 440 | _vLevel 3. | ||
| 500 | _a"Cartwheel Books." | ||
| 650 | _aCharacters in literature -- | ||
| 650 | _aTongue twisters. | ||
| 650 | _xFiction. | ||
| 700 | _a540 | ||
| 999 |
_c299101 _d299101 |
||